| 000 | 04202nam a22004215i 4500 | ||
|---|---|---|---|
| 001 | ssj0002137061 | ||
| 003 | WaSeSS | ||
| 005 | 20250127102650.0 | ||
| 006 | m d | ||
| 007 | cr n | ||
| 008 | 190329s2019 xxu| o |||| 0|eng d | ||
| 020 | _a9871484244234 | ||
| 040 | _cAIMIT LIBRARY | ||
| 082 | 0 | 4 |
_a005.7401 _23 _bMALM |
| 100 | 1 |
_aMalcher, Michelle _932879 |
|
| 245 | 1 | 0 |
_aPro oracle database 18c administration : _bmanage and safeguard your organization's data / _cby Michelle Malcher and Darl Kuhn. |
| 250 | _a3rd ed. | ||
| 260 |
_aBerkeley, _bApress : _c2019. |
||
| 300 |
_axxxvi,986p. ; _bPB _c26.5cm. |
||
| 505 | 0 | _a1. Installing the Oracle Binaries -- 2. Creating a Database -- 3. Configuring an Efficient Environment -- 4. Tablespaces and Data Files -- 5. Managing Control Files, Online Redo Logs, and Archivelogs -- 6. Users and Basic Security -- 7. Tables and Constraints -- 8. Indexes -- 9. Views, Synonyms, and Sequences -- 10. Data Dictionary Fundamentals -- 11. Large Objects -- 12. Partitioning: Divide and Conquer -- 13. Data Pump -- 14. External Tables -- 15. Materialized Views -- 16. User-Managed Backup and Recovery -- 17. Configuring RMAN -- 18. RMAN Backups and Reporting -- 19. RMAN Restore and Recovery -- 20. Automating Jobs -- 21. Database Troubleshooting -- 22. Pluggable Databases. | |
| 506 | _aRequires an SPL library card. | ||
| 520 | _aDatabase administration isn't about passing a certified exam, or about pointing and clicking your way through a crisis. Database administration is about applying the right solution at the right time, avoiding risk, and making robust choices that get you home each night in time for dinner with your family. This book will help elevate you to the level of Professional Oracle Database Administrator. This book provides information and techniques for keeping an Oracle database stable and running on-premise, and is fully updated to cover Oracle Database 18c. New in this edition is coverage of cloud administration in the Oracle Public Cloud, automation of tasks using the autonomous database features, and data movement with multi-tenant databases. The book covers everything from architecture of the database engine, securing objects and users, strategies for performing maintenance tasks and resolving performance problems, through to backup and recovery. Pro Oracle Database 18c Administration takes a modern approach to database administration. Emphasis is given to automation, which is of growing importance as more databases are being moved into various cloud solutions and database administrators are being required to manage more instances than ever. Focus is given to multi-tenant container architecture and pluggable databases, and the book takes a refreshing, results-oriented approach that helps you get the job done. What You'll Learn: Understand the differences between managing on-premise and cloud deployments Take advantage of new features in 18c while also managing older releases Manage more databases than ever by automating your environment Apply the latest techniques around pluggable databases and containerization Safeguard your data through good security and backup/recovery practices Troubleshoot common problems. | ||
| 538 | _aMode of access: World Wide Web. | ||
| 650 | 0 |
_aInstalling the oracle binaries _932880 |
|
| 650 | 0 |
_aCreating a database _932881 |
|
| 650 | 0 |
_aConfiguring an efficient environment users _932882 |
|
| 650 | 0 |
_aManaging control files online redo logs and archivelogs _9195558 |
|
| 650 | 0 |
_aUsers and basic security _9195559 |
|
| 650 | 0 |
_aViews synonyms and sequences _9195560 |
|
| 655 | 7 |
_aElectronic books. _2local _932883 |
|
| 700 | 1 |
_aKuhn, Darl _932884 |
|
| 773 | 0 | _tSpringer eBooks | |
| 776 | 0 | 8 |
_iPrinted edition: _z9781484244234 |
| 776 | 0 | 8 |
_iPrinted edition: _z9781484244258 |
| 856 | 4 | 0 |
_yView this electronic item in O'Reilly Online Learning: Academic/Public Library Edition. _uhttps://ezproxy.spl.org/login?url=https://learning.oreilly.com/library/view/~/9781484244241/?ar _zAn e-book available through full-text database. |
| 942 |
_2ddc _cBK _e3rd _k005.7401 MALM |
||
| 999 |
_c222726 _d222726 |
||